000 01379nam a2200361 i 4500
001 13539
003 ES-MaACL
005 20250704062539.0
007 t|
008 980429s1986 sp a |||| | spa d
017 _aM 41492-1981
040 _cES-MaACL
080 _a946"1936/39"(064.3)
245 0 0 _aMadrid en guerra :
_bGaceta del Museo Municipal.
260 _aMadrid :
_bMuseo Municipal de Madrid,
_c1986.
300 _a2 v. :
_bil. ;
_c32 cm.
505 8 _aContiene: 1. Gaceta del Museo Municipal [artículos y catálogo] - 2. Suplemento en color
505 8 _aContiene: El Ateneo de Madrid (1936-1939) / Fernanda Andura Varela, p. 78-86: il. (bibliografía: p. 86)
610 2 4 _aAteneo de Madrid-
_vHistoria
_91925
651 4 _aEspaña-
_xHistoria-
_y1936-1939, Guerra civil-
_vExposiciones.
_98304
655 7 _2tgfbne
_9193628
_aCatálogos de exposiciones
700 0 _aAndura, Fernanda
_921688
710 2 _aMuseo Municipal de Madrid
_95892
740 3 2 _aEl Ateneo de Madrid (1936-1939)
852 4 _aES-MaACL
_jL-20825-26
_cDEPO2
_913874
852 4 _aES-MaACL
_jB-289-90
_cSPB
_913873
852 4 _aES-MaACL
_jN-8760
_cDEPOJ
_xEncuadernación rústica
_9203886
_pv.1
942 _cMONOGRAFIA
999 _c13539
_d13539